Intermediate statistical methods / (Record no. 7487)
[ view plain ]
| 000 -LEADER | |
|---|---|
| fixed length control field | 00850cam a2200301I 4500 |
| 001 - CONTROL NUMBER | |
| control field | 7487 |
| 003 - CONTROL NUMBER IDENTIFIER | |
| rucl marc code | BDjRUL |
| 005 - DATE AND TIME OF LATEST TRANSACTION | |
| control field | 20211208234425.0 |
| 008 - FIXED-LENGTH DATA ELEMENTS--GENERAL INFORMATION | |
| fixed length control field | 140115s1981 enk 001 0 eng d |
| 020 ## - INTERNATIONAL STANDARD BOOK NUMBER | |
| International Standard Book Number | 041216440X |
| International Standard Book Number | 0412164507 (pbk.) |
| 035 ## - SYSTEM CONTROL NUMBER | |
| System control number | (BDjRUL)7531 |
| System control number | (OCoLC)07779780 |
| System control number | GLIS00135798 |
| 040 ## - CATALOGING SOURCE | |
| Original cataloging agency | GZO |
| Transcribing agency | GZO |
| Modifying agency | BDjRUL |
| Language of cataloging | eng |
| 041 ## - LANGUAGE CODE | |
| Language code of text/sound track or separate title | eng |
| 082 ## - DEWEY DECIMAL CLASSIFICATION NUMBER | |
| Classification number | 519.2 |
| Author mark and year | WEI 1981 |
| 090 ## - LOCALLY ASSIGNED LC-TYPE CALL NUMBER (OCLC); LOCAL CALL NUMBER (OCLC) | |
| Classification number (OCLC) (R) ; Classification number, CALL (RLIN) (NR) | QA276 |
| Local cutter number (OCLC) ; Book number/undivided call number, CALL (RLIN) | .W455 |
| 099 ## - LOCAL FREE-TEXT CALL NUMBER (OCLC) | |
| Bangla Class number | QA276.W455 |
| 100 1# - MAIN ENTRY--PERSONAL NAME | |
| Personal name | Wetherill, G. Barrie. |
| 9 (RLIN) | 5348 |
| 245 10 - TITLE STATEMENT | |
| Title | Intermediate statistical methods / |
| Statement of responsibility, etc. | G. Barrie Wetherill. |
| 260 ## - PUBLICATION, DISTRIBUTION, ETC. (IMPRINT) | |
| Place of publication, distribution, etc. | London ; |
| -- | New York : |
| Name of publisher, distributor, etc. | Chapman and Hall, |
| Date of publication, distribution, etc. | c1981. |
| 300 ## - PHYSICAL DESCRIPTION | |
| Pagination | xv, 390 p. : |
| Illustrations | ill. ; |
| Size | 25 cm. |
| 504 ## - BIBLIOGRAPHY, ETC. NOTE | |
| Bibliography, etc | Bibliography: p. [354]-359. |
| 650 #0 - SUBJECT ADDED ENTRY--TOPICAL TERM | |
| Topical term or geographic name as entry element | Mathematical statistics. |
| 9 (RLIN) | 23379 |
| Topical term or geographic name as entry element | Probabilities |
| 9 (RLIN) | 154412 |
| 942 ## - ADDED ENTRY ELEMENTS (KOHA) | |
| Source of classification or shelving scheme | Dewey Decimal Classification |
| Koha item type | Books |
| Lost status | Source of classification or shelving scheme | Damaged status | Not for loan | Collection code | Permanent Location | Current Location | Shelving location | Date acquired | Source of acquisition | Cost, normal purchase price | Total Checkouts | Full call number | Date last seen | Copy number | Koha item type |
|---|---|---|---|---|---|---|---|---|---|---|---|---|---|---|---|
| Dewey Decimal Classification | Non-fiction | Central Library, University of Rajshahi | Central Library, University of Rajshahi | 13/09/1983 | Tulip Enterprise Dhaka | 158.90 | 519.2 WEI 1981 | 15/01/2014 | C-2 | Books | |||||
| Dewey Decimal Classification | Non-fiction | Central Library, University of Rajshahi | Central Library, University of Rajshahi | 13/09/1983 | Tulip. | 158.00 | 519.2 WEI 1981 | 09/03/2014 | C-3 | Books | |||||
| Dewey Decimal Classification | Non-fiction | Central Library, University of Rajshahi | Central Library, University of Rajshahi | 13/09/1983 | Tulip, Dhaka | 158.90 | 519.2 WEI 1981 | 31/08/2016 | C-4 | Books |